គំនុំរលត់ស្នេហ៏រលាយ / (Record no. 6486)

MARC details
000 -LEADER
fixed length control field 02550nam a22002537a 4500
001 - CONTROL NUMBER
control field 6486
003 - CONTROL NUMBER IDENTIFIER
control field FISKH
005 - DATE AND TIME OF LATEST TRANSACTION
control field 20250512143447.0
008 - FIXED-LENGTH DATA ELEMENTS--GENERAL INFORMATION
fixed length control field 250506b cb ||||| |||| 00| 0 eng d
040 ## - CATALOGING SOURCE
Original cataloging agency FISKH
Language of cataloging khr
Transcribing agency FISKH
Modifying agency FISKH
050 ## - LIBRARY OF CONGRESS CALL NUMBER
Classification number PZ7
082 ## - DEWEY DECIMAL CLASSIFICATION NUMBER
Classification number 895.9323
100 ## - MAIN ENTRY--PERSONAL NAME
Personal name Samnang, Mao
245 ## - TITLE STATEMENT
Title គំនុំរលត់ស្នេហ៏រលាយ /
Statement of responsibility, etc. អ្នកស្រី ម៉ៅ សំណាង (ទន្សាយ)
250 ## - EDITION STATEMENT
Edition statement ចេញផ្សាយឆ្នាំ​2008
260 ## - PUBLICATION, DISTRIBUTION, ETC.
Place of publication, distribution, etc. ភ្នំពេញ :
Name of publisher, distributor, etc. បណ្ណាល័យ សុរិយារង្សី ,
Date of publication, distribution, etc. 2008 .
300 ## - PHYSICAL DESCRIPTION
Extent 138 pages :
Other physical details illustrations ;
Dimensions 21 cm .
520 ## - SUMMARY, ETC.
Summary, etc. "គំនុំរលត់ ស្នេហ៏រលាយ" គឺជារឿងនិទានភាគច្រើនដែលនិពន្ធដោយអ្នកនិពន្ធល្បី ម៉ៅ សំណាង។ រឿងនេះបង្ហាញពីការរួមបញ្ចូលគ្នារវាងគំនុំរលត់ និងស្នេហ៏រលាយ ដែលមានការប្រឈមមុខនឹងការលំបាក និងការប្រកួតប្រជែងក្នុងសង្គម។ តួអង្គសំខាន់ៗក្នុងរឿងនេះត្រូវប្រឈមមុខនឹងការប្រកួតប្រជែងក្នុងការរកស៊ី និងការរស់នៅក្នុងសង្គម។ រឿងនេះបង្ហាញពីការប្រឈមមុខនឹងការលំបាក និងការប្រកួតប្រជែងក្នុងការរកស៊ី និងការរស់នៅក្នុងសង្គម។<br/><br/>
520 ## - SUMMARY, ETC.
Summary, etc. Fading Grudges, Melting Love" is a serialized novel written by the renowned author Mao Samnang. The story explores the intersection of unresolved resentment and fading romance, set against the backdrop of social hardship and competition. The main characters face challenges related to business rivalries and the struggle to survive in a competitive society. Through its narrative, the novel portrays the emotional and societal difficulties of navigating love, forgiveness, and ambition in a changing world.
650 ## - SUBJECT ADDED ENTRY--TOPICAL TERM
Topical term or geographic name entry element គំនុំរលត់ស្នេហ៏រលាយ
Form subdivision ប្រលោមលោកខ្មែរ
650 ## - SUBJECT ADDED ENTRY--TOPICAL TERM
Topical term or geographic name entry element Komnom rolot snea ro leay
Form subdivision Khmer fiction
942 ## - ADDED ENTRY ELEMENTS (KOHA)
Source of classification or shelving scheme Dewey Decimal Classification
Koha item type Khmer Books
Suppress in OPAC No
Holdings
Withdrawn status Lost status Source of classification or shelving scheme Damaged status Not for loan Collection Home library Current library Shelving location Date acquired Total Checkouts Full call number Barcode Date last seen Copy number Price effective from Koha item type
    Dewey Decimal Classification     Khmer Language Books / សៀវភៅភាសាខ្មែរ Footprints International School Library Network Toul Tom Poung Campus Footprints International School Library Network Toul Tom Poung Campus TTP Secondary Khmer Bookshelves 05/06/2025   SAM PZ7 895.9323 FISSE01764 05/06/2025 1 05/06/2025 Khmer Books
    Dewey Decimal Classification     Khmer Language Books / សៀវភៅភាសាខ្មែរ Footprints International School Library Network Toul Tom Poung Campus Footprints International School Library Network Toul Tom Poung Campus TTP Secondary Khmer Bookshelves 05/06/2025   SAM PZ7 895.9323 FISSE01759 05/06/2025 2 05/06/2025 Khmer Books